| 000 | 01010nam a2200253 i 4500 | ||
|---|---|---|---|
| 001 | 86348 | ||
| 003 | ES-MaACL | ||
| 005 | 20250910213556.0 | ||
| 007 | t| | ||
| 008 | 041209s1963 sp ||||1| spa d | ||
| 100 | 1 |
_aPlumb, J. H. _9186541 |
|
| 245 | 1 | 3 |
_aEl Renacimiento _b: cultura y arte de una época / _cpublicado bajo la dirección de Richard M. Ketchum ; texto de J.H. Plumb ; ensayos biográficos de Morris Bishop, Garret Mattingly, Kenneth Clark ; [traducción de Juan Godo Costa ; revisión y adiciones por Enrique Bagué]. |
| 260 |
_aBarcelona : _bLabor, _c[1963] |
||
| 300 |
_a435 p., 30 lám. : _bil. ; _c21 cm. |
||
| 650 | 0 | 4 |
_aArte renacentista- _zItalia _910293 |
| 700 | 1 |
_aKetchum, Richard M. _967960 |
|
| 700 | 1 |
_aBishop, Morris. _929008 |
|
| 700 | 1 |
_aMattingly, garret. _979151 |
|
| 700 | 1 |
_aClark, Kenneth. _939044 |
|
| 700 | 1 |
_aGodo Costa, Juan. _957532 |
|
| 700 | 1 |
_aBagué, Enric, _d1900-1987 _9161547 |
|
| 852 |
_aES-MaACL _jC-24275 _bR.53234 |
||
| 999 |
_c86348 _d86348 |
||